| 000 | 00939nam a2200277 i 4500 | ||
|---|---|---|---|
| 001 | 000002945 | ||
| 003 | DO-SdBNP | ||
| 005 | 20260317080723.0 | ||
| 007 | ta | ||
| 008 | 090706s2001 dr a r 000 0 spa d | ||
| 040 |
_aDO-SdBNP _bspa _cBNPHU _erda |
||
| 041 | _aspa | ||
| 082 | 4 |
_a331.12 _bM553t 2000 _222 |
|
| 245 | 0 | 0 | _aMercado de trabajo 2000. |
| 264 | 1 |
_aSanto Domingo : _bBanco Central de la República Dominicana, _c2001. |
|
| 300 |
_a136 páginas : _bilustraciones ; _c21 cm. |
||
| 336 |
_atexto _btxt _2rdacontent |
||
| 337 |
_asin mediación _bn _2rdamedia |
||
| 338 |
_avolumen _bnc _2rdacarrier |
||
| 650 | 4 |
_aMercado de trabajo _zRepública Dominicana _y2000 _919058 |
|
| 650 | 7 |
_aMercado de trabajo _zRepública Dominicana _y2000 _vEstadísticas _2LIBRUNAM _919058 |
|
| 650 | 4 |
_aEmpleo _y2000 _99364 |
|
| 710 | 2 |
_aBanco Central de la República Dominicana _983405 |
|
| 910 | _aValidado. Control de calidad MFF | ||
| 942 |
_2ddc _cLBS1 |
||
| 999 |
_c2777 _d2777 |
||